Canterbury Tales Opening Lines Quiz Stats

 Plays Quiz not verified by Sporcle

Challenge
Share
Tweet
Embed
Score 0/128 Timer 10:00
0 Plays Today
% Correct
The
92.5%
the
92.5%
And
92.5%
the
92.5%
and
92.5%
The
92.5%
and
92.5%
the
92.5%
the
92.5%
And
92.5%
the
92.5%
And
92.5%
And
92.5%
The
92.5%
Aprill
92.1%
that
87.6%
That
87.6%
That
87.6%
that
87.6%
Whan
87.1%
Whan
87.1%
whan
87.1%
(So
85.1%
with
84.6%
to
84.6%
with
84.6%
with
84.6%
to
84.6%
to
84.6%
to
84.6%
to
84.6%
To
84.6%
of
83.4%
Of
83.4%
Of
83.4%
his
82.6%
March
82.6%
his
82.6%
his
82.6%
in
81.7%
in
81.7%
in
81.7%
in
81.7%
% Correct
in
81.7%
hath
80.5%
hath
80.5%
Hath
80.5%
hath
80.5%
every
75.1%
every
75.1%
every
75.1%
roote,
72.2%
perced
71.8%
bathed
71.4%
is
70.1%
swich
67.2%
breeth
66.4%
soote
66%
which
65.1%
shoures
63.9%
on
63.9%
holt
63.5%
flour;
61.8%
sweete
61.8%
Ram
61.8%
Zephirus
61.4%
droghte
61%
veyne
61%
yonge
61%
pilgrimages,
60.6%
Caunterbury
60.6%
vertu
60.2%
heeth
60.2%
engendred
59.8%
ye
58.9%
sonne
58.1%
maken
57.7%
licour
57.3%
they
57.3%
they
57.3%
eek
56.8%
cours
56.8%
al
56.8%
nyght
56.8%
open
56.4%
Inspired
56%
% Correct
Nature
56%
folk
56%
goon
56%
tendre
55.6%
half
55.6%
croppes,
55.2%
hem
54.8%
longen
54.8%
hem
54.8%
corages),
54.4%
melodye,
53.5%
for
53.5%
for
53.5%
were
53.1%
yronne,
52.7%
Engelond
52.7%
smale
51.9%
wende,
51.5%
slepen
51%
Priketh
51%
holpen
51%
martir
50.6%
hir
49.4%
seke,
49.4%
hooly
49%
foweles
47.7%
shires
46.5%
ende
46.5%
blisful
45.2%
from
44.4%
seeke.
44%
londes;
41.9%
palmeres
40.2%
straunge
39.4%
sondry
39.4%
strondes,
38.6%
kowthe
37.8%
specially
36.1%
ferne
35.7%
seken
35.3%
Thanne
33.6%
halwes,
32.8%

You're not logged in!

Compare scores with friends on all Sporcle quizzes.
Join for Free
OR
Log In

You Might Also Like...

Show Comments

Extras

Top Quizzes Today


Score Distribution

Your Account Isn't Verified!

In order to create a playlist on Sporcle, you need to verify the email address you used during registration. Go to your Sporcle Settings to finish the process.

Report this User

Report this user for behavior that violates our Community Guidelines.

Details: